<?xml version="1.0" encoding="UTF-8"?>
<record
    xmlns:xsi="http://www.w3.org/2001/XMLSchema-instance"
    xsi:schemaLocation="http://www.loc.gov/MARC21/slim http://www.loc.gov/standards/marcxml/schema/MARC21slim.xsd"
    xmlns="http://www.loc.gov/MARC21/slim">

  <leader>01190nam a22002657a 4500</leader>
  <controlfield tag="005">20170124103202.0</controlfield>
  <datafield tag="010" ind1=" " ind2=" ">
    <subfield code="a">B-135754</subfield>
  </datafield>
  <datafield tag="020" ind1=" " ind2=" ">
    <subfield code="c">180.00</subfield>
  </datafield>
  <datafield tag="035" ind1=" " ind2=" ">
    <subfield code="a">B-135754</subfield>
  </datafield>
  <datafield tag="037" ind1=" " ind2=" ">
    <subfield code="b">Cen Lib/Ret</subfield>
  </datafield>
  <datafield tag="040" ind1=" " ind2=" ">
    <subfield code="a">DPL</subfield>
    <subfield code="b">HN</subfield>
  </datafield>
  <datafield tag="082" ind1=" " ind2=" ">
    <subfield code="a">657.42</subfield>
    <subfield code="b">&#x92E;&#x93E;&#x939;&#x947;&#x936;&#x94D;&#x935; </subfield>
  </datafield>
  <datafield tag="100" ind1=" " ind2=" ">
    <subfield code="a">&#x92E;&#x93E;&#x939;&#x947;&#x936;&#x94D;&#x935;&#x930;&#x940;, &#x90F;&#x938;.&#x90F;&#x928;.</subfield>
    <subfield code="9">92368</subfield>
  </datafield>
  <datafield tag="245" ind1=" " ind2=" ">
    <subfield code="a">&#x932;&#x93E;&#x917;&#x924; &#x932;&#x947;&#x916;&#x93E;&#x902;&#x915;&#x928; &#x915;&#x947; &#x92E;&#x942;&#x932; &#x924;&#x924;&#x94D;&#x935; /</subfield>
    <subfield code="c">&#x90F;&#x938;.&#x90F;&#x928; &#x92E;&#x93E;&#x939;&#x947;&#x936;&#x94D;&#x935;&#x930;&#x940; [&#x90F;&#x935;&#x902;] &#x90F;&#x938;.&#x90F;&#x932; &#x92E;&#x93F;&#x924;&#x94D;&#x924;&#x932; </subfield>
  </datafield>
  <datafield tag="246" ind1=" " ind2=" ">
    <subfield code="a">Lagat lekhankan ke mool tatv /</subfield>
    <subfield code="b">by S.N. maheshwari [evam] S.N. Mittal</subfield>
  </datafield>
  <datafield tag="260" ind1=" " ind2=" ">
    <subfield code="a"> &#x926;&#x93F;&#x932;&#x94D;&#x932;&#x940; </subfield>
    <subfield code="b">&#x936;&#x94D;&#x930;&#x940; &#x92E;&#x939;&#x93E;&#x935;&#x940;&#x930; &#x92C;&#x94B;&#x915; &#x921;&#x93F;&#x92A;&#x94B; </subfield>
    <subfield code="c">2006</subfield>
  </datafield>
  <datafield tag="270" ind1=" " ind2=" ">
    <subfield code="b"> &#x926;&#x93F;&#x932;&#x94D;&#x932;&#x940; </subfield>
    <subfield code="a">2603, &#x928;&#x92F;&#x940; &#x938;&#x921;&#x93C;&#x915; </subfield>
    <subfield code="e">110006 </subfield>
  </datafield>
  <datafield tag="300" ind1=" " ind2=" ">
    <subfield code="a">515&#x92A;&#x943;.</subfield>
    <subfield code="c">22&#x938;&#x947;&#x92E;&#x940;(&#x938;&#x91C;&#x93F;&#x932;&#x94D;&#x926; ) </subfield>
  </datafield>
  <datafield tag="650" ind1=" " ind2=" ">
    <subfield code="a">&#x932;&#x93E;&#x917;&#x924; &#x932;&#x947;&#x916;&#x93E;&#x902;&#x915;&#x928; </subfield>
    <subfield code="x"> </subfield>
    <subfield code="z"> </subfield>
    <subfield code="9">59924</subfield>
  </datafield>
  <datafield tag="650" ind1=" " ind2=" ">
    <subfield code="a">&#x932;&#x93E;&#x917;&#x924; &#x932;&#x947;&#x916;&#x93E;&#x902;&#x915;&#x928; -- &#x924;&#x924;&#x94D;&#x935; </subfield>
    <subfield code="9">92369</subfield>
  </datafield>
  <datafield tag="650" ind1=" " ind2=" ">
    <subfield code="a">cost accounting</subfield>
    <subfield code="9">92370</subfield>
  </datafield>
  <datafield tag="650" ind1=" " ind2=" ">
    <subfield code="a">cost accounting -- elements</subfield>
    <subfield code="9">92371</subfield>
  </datafield>
  <datafield tag="700" ind1=" " ind2=" ">
    <subfield code="a">&#x92E;&#x93F;&#x924;&#x94D;&#x924;&#x932;, &#x90F;&#x938;.&#x90F;&#x928; </subfield>
    <subfield code="9">92372</subfield>
  </datafield>
  <datafield tag="942" ind1=" " ind2=" ">
    <subfield code="2">ddc</subfield>
    <subfield code="c">HN</subfield>
    <subfield code="h">657.42</subfield>
    <subfield code="m">&#x92E;&#x93E;&#x939;&#x947;&#x936;&#x94D;&#x935; </subfield>
  </datafield>
  <datafield tag="999" ind1=" " ind2=" ">
    <subfield code="c">120744</subfield>
    <subfield code="d">120744</subfield>
  </datafield>
  <datafield tag="952" ind1=" " ind2=" ">
    <subfield code="0">0</subfield>
    <subfield code="1">0</subfield>
    <subfield code="4">0</subfield>
    <subfield code="7">0</subfield>
    <subfield code="a">L</subfield>
    <subfield code="b">L</subfield>
    <subfield code="d">2015-09-28</subfield>
    <subfield code="e">Cen Lib/Ref</subfield>
    <subfield code="g">180.00</subfield>
    <subfield code="l">2</subfield>
    <subfield code="o">657.42 &#x92E;&#x93E;&#x939;&#x947;&#x936;&#x94D;&#x935;</subfield>
    <subfield code="p">B-135754</subfield>
    <subfield code="r">2022-11-07 00:00:00</subfield>
    <subfield code="s">2022-08-13</subfield>
    <subfield code="t">1</subfield>
    <subfield code="v">180.00</subfield>
    <subfield code="w">2015-09-28</subfield>
    <subfield code="y">HN</subfield>
  </datafield>
</record>
